[Event "Vojvodina-ch 2nd"]
[Site "Novi Sad"]
[Date "2011.07.24"]
[Round "1"]
[White "Radlovacki, Jovan"]
[Black "Bjeloglav, Milica"]
[Result "1-0"]
[WhiteElo "2416"]
[BlackElo "1998"]
[PlyCount "109"]
[EventDate "2011.07.24"]
[EventType "swiss"]
[EventRounds "9"]
[EventCountry "SRB"]
[SourceTitle "CBM 143 Extra"]
[Source "ChessBase"]
[SourceDate "2011.08.29"]
[SourceVersion "1"]
[SourceVersionDate "2011.08.29"]
[SourceQuality "1"]

1. e4 c5 2. Nf3 Nc6 3. Bb5 e6 4. 0-0 Nge7 5. c3 a6 6. Ba4 b5 7. Bc2 d5 8. e5 d4 9. Be4 Rb8 10. d3 Bb7 11. Bf4 Nd5 12. Bg3 dxc3 13. bxc3 Be7 14. Re1 0-0 15. a3 Qd7 16. Qc2 h6 17. Ra2 b4 18. axb4 Ncxb4 19. cxb4 Nxb4 20. Qe2 Bxe4 21. dxe4 Nxa2 22. Qxa2 Qd3 23. Nbd2 Rb4 24. h4 Rfb8 25. Re3 Qb5 26. Ra3 Ra8 27. Bf4 a5 28. Ne1 c4 29. Rc3 Rc8 30. Nd3 Ra4 31. Qc2 Bxh4 32. g3 Be7 33. Kg2 Ra3 34. Rxc4 Rxc4 35. Nxc4 Rb3 36. Nc1 Rb4 37. Nd6 Qb8 38. Nd3 Rb6 39. Qa4 g5 40. Be3 Rb3 41. Ba7 Qxa7 42. Qxb3 a4 43. Nc8 axb3 44. Nxa7 Ba3 45. Nb5 Bc1 46. g4 Kg7 47. Nc3 b2 48. Kf3 Kg6 49. Ke2 h5 50. Kd1 h4 51. Nxc1 bxc1Q+ 52. Kxc1 f5 53. f3 h3 54. Nd1 h2 55. Nf2 1-0

[Event "SRB-chT (Women)"]
[Site "Novi Sad"]
[Date "2010.08.26"]
[Round "4"]
[White "Bjeloglav, Milica"]
[Black "Eric, Jovana"]
[Result "1/2-1/2"]
[WhiteElo "2018"]
[BlackElo "2218"]
[PlyCount "69"]
[EventDate "2010.08.23"]
[EventType "team-tourn"]
[EventRounds "11"]
[EventCountry "YUG"]
[SourceTitle "CBM 138 Extra"]
[Source "ChessBase"]
[SourceDate "2010.10.29"]
[SourceVersion "1"]
[SourceVersionDate "2010.10.29"]
[SourceQuality "1"]

1. e4 c5 2. Nc3 d6 3. g3 Nc6 4. Bg2 g6 5. d3 Bg7 6. f4 e6 7. Nf3 Nge7 8. 0-0 0-0 9. Be3 Nd4 10. Bf2 Bd7 11. e5 dxe5 12. Nxe5 Rb8 13. Ne4 b6 14. c3 Ndc6 15. Nxd7 Qxd7 16. Qe2 h6 17. Rfe1 Nd5 18. Rad1 Rbe8 19. Qf3 Rd8 20. Nd2 e5 21. Nc4 exf4 22. gxf4 Nde7 23. Ne5 Nxe5 24. fxe5 Nf5 25. Bh3 Qd5 26. Qxd5 Rxd5 27. d4 cxd4 28. cxd4 Rfd8 29. Bxf5 gxf5 30. Rc1 R8d7 31. Kg2 Ra5 32. a3 Rb5 33. Re2 Rb3 34. Rc6 Rd3 35. Rec2 1/2-1/2

[Event "SRB-chT (Women)"]
[Site "Pozarevac"]
[Date "2009.09.19"]
[Round "6"]
[White "Nestorovic, Irena"]
[Black "Bjeloglav, Milica"]
[Result "1-0"]
[WhiteElo "2038"]
[BlackElo "2013"]
[PlyCount "69"]
[EventDate "2009.09.14"]
[EventType "team-tourn"]
[EventRounds "9"]
[EventCountry "YUG"]
[SourceTitle "CBM 132 Extra"]
[Source "ChessBase"]
[SourceDate "2009.11.03"]
[SourceVersion "1"]
[SourceVersionDate "2009.11.03"]
[SourceQuality "1"]

1. d4 Nf6 2. c4 c5 3. d5 b5 4. Nf3 g6 5. Qc2 bxc4 6. e4 d6 7. Bxc4 Bg7 8. 0-0 0-0 9. h3 Ba6 10. Na3 Nfd7 11. Rb1 Ne5 12. Nxe5 Bxe5 13. Bg5 Re8 14. Qa4 Qc8 15. Rfc1 Bg7 16. b4 Bxc4 17. Nxc4 Nd7 18. Na5 Ne5 19. bxc5 dxc5 20. Nc6 Nxc6 21. Rxc5 Rb8 22. Rxb8 Qxb8 23. Rxc6 Be5 24. Qc2 Qb4 25. Bd2 Qa3 26. Rc4 Rb8 27. Bh6 Qa6 28. g3 Bg7 29. Be3 h5 30. Kg2 Rb2 31. Qa4 Rxa2 32. Qe8+ Kh7 33. Rc8 g5 34. Qg8+ Kg6 35. Rc6+ 1-0

[Event "SRB-chT (Women)"]
[Site "Pozarevac"]
[Date "2009.09.15"]
[Round "2"]
[White "Vasilevich, Tatjana"]
[Black "Bjeloglav, Milica"]
[Result "1-0"]
[WhiteElo "2420"]
[BlackElo "2013"]
[PlyCount "59"]
[EventDate "2009.09.14"]
[EventType "team-tourn"]
[EventRounds "9"]
[EventCountry "YUG"]
[SourceTitle "CBM 132 Extra"]
[Source "ChessBase"]
[SourceDate "2009.11.03"]
[SourceVersion "1"]
[SourceVersionDate "2009.11.03"]
[SourceQuality "1"]

1. g3 g6 2. Bg2 Bg7 3. d4 d5 4. Nf3 Nf6 5. c4 c6 6. 0-0 0-0 7. b3 h6 8. Bb2 Be6 9. Nbd2 Ne4 10. Nxe4 dxe4 11. Ne5 Bf5 12. f3 exf3 13. exf3 Nd7 14. f4 Nf6 15. g4 Be6 16. Qf3 Qd6 17. Rae1 a5 18. f5 gxf5 19. gxf5 Bc8 20. a3 Nd7 21. c5 Qf6 22. Kh1 e6 23. Bh3 Nb8 24. Ng4 Qh4 25. f6 Bh8 26. Rg1 Rd8 27. Nxh6+ Kh7 28. Nxf7 Rd5 29. Nxh8 Kxh8 30. f7 1-0

[Event "SRB-chT (Women) 1st"]
[Site "Zlatibor"]
[Date "2007.08.31"]
[Round "11"]
[White "Petrovic, Marija"]
[Black "Bjeloglav, Milica"]
[Result "1-0"]
[WhiteElo "2197"]
[BlackElo "2008"]
[PlyCount "139"]
[EventDate "2007.08.21"]
[EventType "team"]
[EventRounds "11"]
[EventCountry "YUG"]
[SourceTitle "CBM 120 Extra"]
[Source "ChessBase"]
[SourceDate "2007.11.01"]
[SourceVersion "1"]
[SourceVersionDate "2007.11.01"]
[SourceQuality "1"]

1. d4 Nf6 2. Nf3 c5 3. c3 e6 4. Bf4 b6 5. e3 Bb7 6. Nbd2 Be7 7. h3 0-0 8. Be2 d6 9. 0-0 Nbd7 10. Bh2 a6 11. Qc2 Rc8 12. a4 Qc7 13. Rfe1 Qb8 14. Bf1 Qa8 15. Qb3 d5 16. Ne5 Nxe5 17. Bxe5 Nd7 18. Bg3 Bc6 19. Qd1 Rfe8 20. Bd3 Qb7 21. Qb1 h6 22. b4 c4 23. Bh7+ Kh8 24. Bc2 Nf6 25. b5 axb5 26. axb5 Bd7 27. Nf3 Ra8 28. Ne5 Rxa1 29. Qxa1 Ra8 30. Qb1 Be8 31. Bh4 Ng8 32. Bxe7 Qxe7 33. e4 Qa3 34. exd5 exd5 35. Re3 Qa1 36. Kh2 Nf6 37. Qxa1 Rxa1 38. Nc6 Ra2 39. Nb4 Rb2 40. Re7 Kg8 41. f3 Bd7 42. Re1 Bxb5 43. Ra1 g6 44. Ra8+ Kg7 45. Rb8 Nd7 46. Rb7 Kf8 47. h4 h5 48. Kg3 Ke8 49. Kf4 Kd8 50. Ra7 Kc8 51. g4 Kb8 52. Ra1 hxg4 53. fxg4 Nf6 54. Rh1 Bd7 55. h5 Nxg4 56. h6 Nxh6 57. Rxh6 Be6 58. Kg5 Kc7 59. Kf6 Kd6 60. Rh8 Kd7 61. Ra8 Kd6 62. Ra6 Kc7 63. Ke5 g5 64. Ra7+ Kc8 65. Ra8+ Kb7 66. Rg8 g4 67. Kd6 Bc8 68. Kxd5 Be6+ 69. Kd6 Bc8 70. Be4+ 1-0

[Event "SRB-chT (Women) 1st"]
[Site "Zlatibor"]
[Date "2007.08.28"]
[Round "8"]
[White "Bjeloglav, Milica"]
[Black "Benderac, Ana"]
[Result "0-1"]
[WhiteElo "2008"]
[BlackElo "2305"]
[PlyCount "88"]
[EventDate "2007.08.21"]
[EventType "team"]
[EventRounds "11"]
[EventCountry "YUG"]
[SourceTitle "CBM 120 Extra"]
[Source "ChessBase"]
[SourceDate "2007.11.01"]
[SourceVersion "1"]
[SourceVersionDate "2007.11.01"]
[SourceQuality "1"]

1. e4 e5 2. Nf3 Nc6 3. Bb5 a6 4. Bxc6 dxc6 5. 0-0 Bg4 6. h3 h5 7. d3 Bxf3 8. Qxf3 Qd7 9. Be3 0-0-0 10. Nd2 f6 11. Nc4 Ne7 12. a4 Qe6 13. Bc5 g5 14. Ne3 Kb8 15. b4 b6 16. Bxe7 Bxe7 17. b5 cxb5 18. axb5 a5 19. Qf5 Qxf5 20. Nxf5 Bc5 21. Rfd1 Rd7 22. Ne3 Bxe3 23. fxe3 Rhd8 24. Rf1 Rd6 25. Rf2 c6 26. bxc6 Rxc6 27. Raf1 Rdd6 28. d4 exd4 29. exd4 Rxd4 30. Rxf6 Rxf6 31. Rxf6 Kb7 32. e5 Re4 33. e6 Ka6 34. Kf2 a4 35. g4 hxg4 36. hxg4 Kb5 37. Kf3 Re1 38. Kf2 Re5 39. Kg2 Kc5 40. Kf2 b5 41. Rh6 b4 42. Rg6 a3 43. e7 Rxe7 44. Rxg5+ Kc4 0-1

[Event "SRB-chT (Women) 1st"]
[Site "Zlatibor"]
[Date "2007.08.25"]
[Round "5"]
[White "Manakova, Maria"]
[Black "Bjeloglav, Milica"]
[Result "1-0"]
[WhiteElo "2321"]
[BlackElo "2008"]
[PlyCount "137"]
[EventDate "2007.08.21"]
[EventType "team"]
[EventRounds "11"]
[EventCountry "YUG"]
[SourceTitle "CBM 120 Extra"]
[Source "ChessBase"]
[SourceDate "2007.11.01"]
[SourceVersion "1"]
[SourceVersionDate "2007.11.01"]
[SourceQuality "1"]

1. e4 c5 2. Nf3 Nc6 3. d4 cxd4 4. Nxd4 Nf6 5. Nc3 e5 6. Ndb5 d6 7. Bg5 a6 8. Na3 b5 9. Nd5 Be7 10. Bxf6 Bxf6 11. c3 0-0 12. Nc2 Bg5 13. h4 Bh6 14. g4 Bf4 15. Qf3 Be6 16. Nxf4 Qf6 17. g5 Qxf4 18. Qxf4 exf4 19. Bh3 Ne5 20. Bxe6 fxe6 21. 0-0-0 Rad8 22. Nd4 Kf7 23. h5 Ke7 24. Rd2 Rc8 25. a3 Rc5 26. Rg1 Rc4 27. Rgd1 Rc5 28. Nb3 Rc6 29. Nd4 Rc5 30. Rg1 Rc4 31. Rdd1 Rb8 32. Kc2 Rbc8 33. Kb3 Nd7 34. f3 Ne5 35. Rh1 R4c5 36. Rh4 Rf8 37. Rg1 Nc4 38. Kc2 Ne3+ 39. Kc1 e5 40. Nc2 Nxc2 41. Kxc2 Ke6 42. Rd1 Rfc8 43. Rh2 d5 44. Rhd2 d4 45. Rd3 dxc3 46. Rd6+ Ke7 47. Rd7+ Kf8 48. b4 R5c7 49. Rxc7 Rxc7 50. Rd5 Re7 51. Rd6 Ra7 52. Re6 a5 53. Rxe5 axb4 54. axb4 Ra2+ 55. Kxc3 Ra3+ 56. Kd4 Rxf3 57. Rxb5 Rg3 58. Rf5+ Ke7 59. Rxf4 Rxg5 60. Rf5 Rg1 61. Ra5 Rb1 62. b5 g5 63. Ra7+ Ke6 64. Kc5 Rc1+ 65. Kb6 Rc4 66. Rxh7 Rxe4 67. Rg7 g4 68. h6 Kf6 69. Kc7 1-0

[Event "SRB-ch U20 Girls"]
[Site "Zlatibor"]
[Date "2007.08.09"]
[Round "5"]
[White "Bjeloglav, Milica"]
[Black "Miladinovic, Lena"]
[Result "1-0"]
[WhiteElo "2008"]
[BlackElo "1815"]
[PlyCount "109"]
[EventDate "2007.08.05"]
[EventType "tourn"]
[EventRounds "9"]
[EventCountry "YUG"]
[SourceTitle "CBM 119 Extra"]
[Source "ChessBase"]
[SourceDate "2007.09.04"]
[SourceVersion "1"]
[SourceVersionDate "2007.09.04"]
[SourceQuality "1"]

1. e4 c5 2. Nc3 Nc6 3. g3 g6 4. Bg2 Bg7 5. d3 e6 6. f4 Nge7 7. Nf3 d6 8. 0-0 0-0 9. Be3 Nd4 10. Bf2 Rb8 11. e5 Nxf3+ 12. Qxf3 dxe5 13. Bxc5 b6 14. Be3 Nf5 15. fxe5 Bxe5 16. Bf4 Bd4+ 17. Kh1 Bb7 18. Qe2 Bxg2+ 19. Kxg2 Rc8 20. Nd1 Qd5+ 21. Kh3 Qd7 22. g4 Ng7 23. c3 Bc5 24. d4 Be7 25. Bh6 f5 26. Nf2 Bd6 27. Rae1 Rce8 28. Nd3 fxg4+ 29. Qxg4 Rf5 30. Rxf5 exf5 31. Rxe8+ Qxe8 32. Qf3 Qb8 33. Qd5+ Kf8 34. Ne5 Bxe5 35. dxe5 Qe8 36. e6 Kg8 37. e7+ Qf7 38. Qxf7+ Kxf7 39. Bxg7 Kxe7 40. Kg3 b5 41. Kf4 Kf7 42. Bh6 Ke6 43. h4 a6 44. Bg7 Kf7 45. Bd4 h6 46. Ke5 g5 47. hxg5 hxg5 48. Kxf5 g4 49. Kxg4 Ke6 50. Kf4 Kd5 51. Ke3 a5 52. Kd3 Kc6 53. b3 Kd5 54. c4+ Kc6 55. Bf2 1-0

[Event "SRB-ch U20 Girls"]
[Site "Zlatibor"]
[Date "2007.08.07"]
[Round "3"]
[White "Djukic, Sandra"]
[Black "Bjeloglav, Milica"]
[Result "1-0"]
[WhiteElo "2153"]
[BlackElo "2008"]
[PlyCount "119"]
[EventDate "2007.08.05"]
[EventType "tourn"]
[EventRounds "9"]
[EventCountry "YUG"]
[SourceTitle "CBM 119 Extra"]
[Source "ChessBase"]
[SourceDate "2007.09.04"]
[SourceVersion "1"]
[SourceVersionDate "2007.09.04"]
[SourceQuality "1"]

1. Nf3 Nf6 2. g3 b6 3. Bg2 Bb7 4. 0-0 c5 5. c4 g6 6. d3 Bg7 7. e4 d6 8. Nc3 0-0 9. h3 Nc6 10. Be3 Nd7 11. Qd2 e6 12. d4 e5 13. d5 Nd4 14. Nh2 f5 15. Bg5 Qe8 16. exf5 gxf5 17. f4 h6 18. Bh4 Qg6 19. Nf3 Nxf3+ 20. Rxf3 Ba6 21. b3 Rae8 22. Re1 Kh7 23. Kh2 e4 24. Rff1 Nf6 25. g4 fxg4 26. Bxf6 g3+ 27. Kh1 Qxf6 28. Nxe4 Qh4 29. Nxd6 Rxe1 30. Qxe1 Rxf4 31. Rxf4 Qxf4 32. Qe4+ Qxe4 33. Bxe4+ Kg8 34. Nf5 h5 35. Nxg3 Bc8 36. Nxh5 Bxh3 37. Kh2 Bd7 38. Nxg7 Kxg7 39. Kg3 Kf6 40. Kf4 Bh3 41. Bf3 Bd7 42. Bg4 Be8 43. Bf5 Ke7 44. Ke5 Bh5 45. d6+ Kd8 46. Kd5 Bf3+ 47. Be4 Bg4 48. Kc6 Bc8 49. Bg6 Bg4 50. Kb7 Kd7 51. Kxa7 Kxd6 52. Kxb6 Bf3 53. a3 Be2 54. Bf7 Bd1 55. b4 cxb4 56. axb4 Kd7 57. c5 Bg4 58. Bd5 Kc8 59. Bb7+ Kd8 60. c6 1-0

[Event "SRB-ch U20 Girls"]
[Site "Zlatibor"]
[Date "2007.08.06"]
[Round "2"]
[White "Bjeloglav, Milica"]
[Black "Jocic, Jelena"]
[Result "1/2-1/2"]
[WhiteElo "2008"]
[BlackElo "1706"]
[PlyCount "114"]
[EventDate "2007.08.05"]
[EventType "tourn"]
[EventRounds "9"]
[EventCountry "YUG"]
[SourceTitle "CBM 119 Extra"]
[Source "ChessBase"]
[SourceDate "2007.09.04"]
[SourceVersion "1"]
[SourceVersionDate "2007.09.04"]
[SourceQuality "1"]

1. e4 d5 2. exd5 Qxd5 3. Nc3 Qd6 4. d4 Nf6 5. Bc4 a6 6. Nge2 e6 7. 0-0 b5 8. Bb3 Bb7 9. Bf4 Qc6 10. f3 Bd6 11. Qe1 0-0 12. Rd1 Nbd7 13. Kh1 Nb6 14. Bxd6 Qxd6 15. Ng3 Nbd5 16. Nce4 Qf4 17. Rf2 Rad8 18. Nc5 Bc8 19. c3 Rfe8 20. Re2 c6 21. Bc2 Re7 22. Nge4 Rde8 23. Nxf6+ Qxf6 24. Re5 Qh6 25. Re4 g6 26. Nd3 f6 27. Rd2 Qg7 28. Rde2 a5 29. a4 Nb6 30. Nc5 e5 31. Bb3+ Kh8 32. dxe5 fxe5 33. f4 bxa4 34. Bxa4 Nxa4 35. Nxa4 Bg4 36. R2e3 Rd8 37. Rxe5 Rxe5 38. Rxe5 Qf7 39. Qg3 Rd1+ 40. Re1 Qc4 41. h3 Rxe1+ 42. Qxe1 Qxa4 43. Qe5+ Kg8 44. hxg4 Qd1+ 45. Kh2 Qxg4 46. g3 Qf5 47. Qe8+ Kg7 48. Qxc6 Qh5+ 49. Kg1 Qd1+ 50. Kf2 Qd2+ 51. Kf3 Qd3+ 52. Kf2 Qd2+ 53. Kf3 Qd3+ 54. Kf2 Qd2+ 55. Kg1 Qc1+ 56. Kg2 Qxb2+ 57. Kh3 Qa1 1/2-1/2

[Event "EU-chT U18 Girls 6th"]
[Site "Balatonlelle"]
[Date "2006.07.19"]
[Round "7"]
[White "Bjeloglav, Milica"]
[Black "Remete, Zsuzsa"]
[Result "0-1"]
[WhiteElo "2015"]
[BlackElo "2125"]
[PlyCount "116"]
[EventDate "2006.07.12"]
[EventType "team-swiss"]
[EventRounds "7"]
[EventCountry "HUN"]
[SourceTitle "EXT 2020"]
[Source "ChessBase"]
[SourceDate "2019.10.17"]
[SourceVersion "1"]
[SourceVersionDate "2019.10.17"]
[SourceQuality "1"]
[WhiteTeam "Serbia U18 (W) II"]
[BlackTeam "Hungary U18 (W) II"]
[WhiteTeamCountry "SRB"]
[BlackTeamCountry "HUN"]

1. e4 c5 2. Nf3 g6 3. d4 Bg7 4. c3 cxd4 5. Nxd4 d6 6. Bc4 Nf6 7. Qe2 0-0 8. 0-0 Nbd7 9. Kh1 Nc5 10. Nd2 d5 11. exd5 Nxd5 12. Bxd5 Qxd5 13. Qxe7 b6 14. N2f3 Ba6 15. Rd1 Nd3 16. Qh4 Rfe8 17. h3 Re4 18. Qg3 Rae8 19. b4 Bxd4 20. cxd4 Nxb4 21. Bh6 Be2 22. Rd2 Qh5 23. Bg5 Nd5 24. Ng1 Bc4 25. Rc1 b5 26. f3 R4e6 27. a4 a6 28. axb5 axb5 29. Ra1 Rb6 30. Bf4 Nxf4 31. Qxf4 Qd5 32. Ra7 b4 33. Qc7 Reb8 34. Ne2 R6b7 35. Rxb7 Rxb7 36. Qc8+ Kg7 37. Nf4 Qb5 38. Rb2 b3 39. h4 h5 40. Nh3 Rd7 41. Qe8 Rd5 42. Qe3 Qa5 43. Kh2 Qa3 44. Qd2 Qd6+ 45. Kh1 Rxd4 46. Qc3 Kg8 47. Rb1 Be6 48. Ng5 Rxh4+ 49. Kg1 Qb6+ 50. Kf1 Rh1+ 51. Ke2 Rxb1 52. Ne4 Qb5+ 53. Ke3 Qc4 54. Nf6+ Kf8 55. Qa5 Qc1+ 56. Kf2 Qe1+ 57. Qxe1 Rxe1 58. Kxe1 b2 0-1

[Event "EU-chT U18 Girls 6th"]
[Site "Balatonlelle"]
[Date "2006.07.15"]
[Round "4"]
[White "Bjeloglav, Milica"]
[Black "Officer, Amy"]
[Result "1/2-1/2"]
[WhiteElo "2015"]
[BlackElo "1853"]
[PlyCount "80"]
[EventDate "2006.07.12"]
[EventType "team-swiss"]
[EventRounds "7"]
[EventCountry "HUN"]
[SourceTitle "EXT 2020"]
[Source "ChessBase"]
[SourceDate "2019.10.17"]
[SourceVersion "1"]
[SourceVersionDate "2019.10.17"]
[SourceQuality "1"]
[WhiteTeam "Serbia U18 (W) II"]
[BlackTeam "Scotland U18 (W)"]
[WhiteTeamCountry "SRB"]
[BlackTeamCountry "SCO"]

1. e4 c5 2. Nf3 e6 3. d4 cxd4 4. Nxd4 Nc6 5. Nb5 d6 6. c4 Nf6 7. N1c3 a6 8. Na3 Be7 9. Be2 0-0 10. 0-0 b6 11. Be3 Nd7 12. Qd2 Bb7 13. Rfd1 Rc8 14. f3 Qc7 15. Qe1 Nc5 16. Rac1 Qb8 17. Qg3 Rfd8 18. h4 Bf6 19. Bg5 Bxg5 20. hxg5 Qc7 21. Kf2 Ne5 22. Rc2 Ncd7 23. Rh1 Nf8 24. Nd1 Qc5+ 25. Kf1 Nc6 26. Rd2 Nb4 27. b3 d5 28. exd5 exd5 29. Qh4 d4 30. Nf2 d3 31. Bd1 Qe3 32. Nb1 Re8 33. Ng4 Qc5 34. a3 Nc2 35. Bxc2 dxc2 36. Rxc2 Qf5 37. Qf2 Rcd8 38. Nc3 Qd3+ 39. Kg1 Re6 40. Kh2 Qf5 1/2-1/2

[Event "EU-chT U18 Girls 6th"]
[Site "Balatonlelle"]
[Date "2006.07.13"]
[Round "2"]
[White "Bjeloglav, Milica"]
[Black "Djukic, Sandra"]
[Result "0-1"]
[WhiteElo "2015"]
[BlackElo "2115"]
[PlyCount "80"]
[EventDate "2006.07.12"]
[EventType "team-swiss"]
[EventRounds "7"]
[EventCountry "HUN"]
[SourceTitle "EXT 2020"]
[Source "ChessBase"]
[SourceDate "2019.10.17"]
[SourceVersion "1"]
[SourceVersionDate "2019.10.17"]
[SourceQuality "1"]
[WhiteTeam "Serbia U18 (W) II"]
[BlackTeam "Serbia U18 (W)"]
[WhiteTeamCountry "SRB"]
[BlackTeamCountry "SRB"]

1. e4 c5 2. Nf3 Nc6 3. d4 cxd4 4. Nxd4 Nf6 5. Nc3 g6 6. Be3 Bg7 7. f3 Qb6 8. Ncb5 Qd8 9. Bc4 a6 10. Nxc6 bxc6 11. Nc3 0-0 12. Qd2 Qa5 13. 0-0 Rd8 14. Rfd1 e6 15. Bb3 Qh5 16. Ba4 Bb7 17. Bb6 Rdc8 18. Qd6 Bf8 19. Qf4 Bc5+ 20. Bxc5 Qxc5+ 21. Kh1 Kg7 22. Qd6 Qa5 23. Rd3 Rd8 24. Rad1 Rac8 25. Bb3 Ba8 26. Na4 c5 27. Qb6 Qb5 28. c4 Qc6 29. Rd6 Qc7 30. Qxc7 Rxc7 31. Rxa6 d5 32. exd5 exd5 33. cxd5 c4 34. Bc2 Bxd5 35. Nb6 Re8 36. Nxd5 Nxd5 37. Be4 Nf6 38. Rd4 Rb8 39. Rd2 c3 40. bxc3 Nxe4 0-1

[Event "SCG-chT1 (Women)"]
[Site "Vrnjacka Banja"]
[Date "2005.10.27"]
[Round "11"]
[White "Prudnikova, Svetlana"]
[Black "Bjeloglav, Milica"]
[Result "1-0"]
[WhiteElo "2362"]
[BlackElo "2048"]
[PlyCount "113"]
[EventDate "2005.10.17"]
[EventType "team"]
[EventRounds "11"]
[EventCountry "YUG"]
[SourceTitle "EXT 2006"]
[Source "ChessBase"]
[SourceDate "2005.11.24"]
[SourceVersion "1"]
[SourceVersionDate "2005.11.24"]
[SourceQuality "1"]

1. Nf3 Nf6 2. c4 c5 3. Nc3 g6 4. d4 cxd4 5. Nxd4 Bg7 6. e4 d6 7. Be2 0-0 8. Be3 b6 9. 0-0 Bb7 10. f3 Nbd7 11. a4 a6 12. a5 bxa5 13. Nb3 Qc7 14. Nxa5 Rfb8 15. Qd2 Bc8 16. Rfb1 Nb6 17. Ra2 Nfd7 18. b3 Ne5 19. Rc2 Nc6 20. Nxc6 Qxc6 21. f4 Bb7 22. Bf3 Qc7 23. Qf2 Nd7 24. h4 Nc5 25. Nd5 Qd8 26. e5 Nd3 27. Qd2 Bxd5 28. Bxd5 Nb4 29. Bxa8 Nxc2 30. Qxc2 Rxa8 31. Rd1 Qc7 32. exd6 exd6 33. Rd5 Qe7 34. Bf2 Bf6 35. h5 Rb8 36. Qd3 Rd8 37. Kf1 Qc7 38. g4 Bg7 39. Bh4 Rd7 40. c5 Bf8 41. Bf6 Qc6 42. hxg6 hxg6 43. f5 Qb5 44. Qxb5 axb5 45. c6 Rc7 46. Rxb5 Rxc6 47. Rb8 Rc7 48. b4 d5 49. Ke2 Rc4 50. b5 Rxg4 51. Kd3 gxf5 52. Be7 f4 53. Bxf8 f3 54. Ke3 d4+ 55. Kxf3 f5 56. b6 Rg1 57. Bc5+ 1-0

[Event "SCG-chT1 (Women)"]
[Site "Vrnjacka Banja"]
[Date "2005.10.21"]
[Round "5"]
[White "Bjeloglav, Milica"]
[Black "Zivkovic, Vesna"]
[Result "0-1"]
[WhiteElo "2048"]
[BlackElo "2150"]
[PlyCount "120"]
[EventDate "2005.10.17"]
[EventType "team"]
[EventRounds "11"]
[EventCountry "YUG"]
[SourceTitle "EXT 2006"]
[Source "ChessBase"]
[SourceDate "2005.11.24"]
[SourceVersion "1"]
[SourceVersionDate "2005.11.24"]
[SourceQuality "1"]

1. e4 c5 2. Nf3 d6 3. d4 cxd4 4. Nxd4 Nf6 5. Nc3 a6 6. f3 e5 7. Nb3 Be6 8. Be3 Nbd7 9. Qd2 b5 10. a4 b4 11. Nd5 Bxd5 12. exd5 Nb6 13. Bxb6 Qxb6 14. a5 Qb7 15. Bc4 Be7 16. Ra4 Rb8 17. Qd3 Ra8 18. c3 bxc3 19. bxc3 0-0 20. Rb4 Qc7 21. 0-0 Nd7 22. Bxa6 Qa7+ 23. Kh1 Qxa6 24. Qxa6 Rxa6 25. Rb7 Rd8 26. Ra1 Bg5 27. Ra4 f5 28. Rc4 Kf8 29. Rc6 Nb8 30. Rcc7 Bf6 31. Kg1 Ra8 32. Kf2 Na6 33. Rc6 Be7 34. Rbb6 Rdb8 35. Ke2 Bd8 36. Rxa6 Rxa6 37. Rxa6 Rxb3 38. Kd3 Ra3 39. Rxd6 Bxa5 40. Rc6 Ke7 41. g4 fxg4 42. fxg4 Kd7 43. h3 e4+ 44. Kxe4 Rxc3 45. Ra6 Bc7 46. h4 Rc4+ 47. Kf5 Rd4 48. h5 Rxd5+ 49. Ke4 Re5+ 50. Kf3 Re6 51. Ra4 Ke7 52. Ra7 Rc6 53. Ra4 Kf6 54. Rb4 Rc3+ 55. Ke4 Kg5 56. Kd5 Bf4 57. Rb7 Rc7 58. Rb5 Kxg4 59. Ke6 Bg5 60. Rb4+ Kxh5 0-1

[Event "SCG-chT1 (Women)"]
[Site "Vrnjacka Banja"]
[Date "2005.10.18"]
[Round "2"]
[White "Urosevic, Marija"]
[Black "Bjeloglav, Milica"]
[Result "0-1"]
[WhiteElo "2075"]
[BlackElo "2048"]
[PlyCount "76"]
[EventDate "2005.10.17"]
[EventType "team"]
[EventRounds "11"]
[EventCountry "YUG"]
[SourceTitle "EXT 2006"]
[Source "ChessBase"]
[SourceDate "2005.11.24"]
[SourceVersion "1"]
[SourceVersionDate "2005.11.24"]
[SourceQuality "1"]

1. d4 Nf6 2. c4 c5 3. d5 b5 4. cxb5 a6 5. b6 Qxb6 6. Nc3 d6 7. a4 g6 8. a5 Qc7 9. Nf3 Bg7 10. Nd2 0-0 11. e4 Nbd7 12. Be2 Rb8 13. 0-0 Ne8 14. Nc4 Qa7 15. Qc2 Nc7 16. Bg5 Re8 17. Kh1 Nb5 18. Nxb5 axb5 19. Ne3 h5 20. f4 c4 21. Nd1 Nc5 22. f5 Nb3 23. Ra3 b4 24. Be3 Bd4 25. fxg6 fxg6 26. Bxd4 Nxd4 27. Qd2 bxa3 28. Qh6 Bf5 29. exf5 Nxf5 30. Qxg6+ Ng7 31. Bxc4 Rf8 32. Rxf8+ Rxf8 33. Bd3 Rf6 34. Qh7+ Kf7 35. Be2 Rf5 36. bxa3 Qxa5 37. g4 Qe1+ 38. Kg2 Qxe2+ 0-1

[Event "SRB-ch U20 Girls"]
[Site "Vrnjacka Banja"]
[Date "2005.08.19"]
[Round "9"]
[White "Milovic, Aleksandra"]
[Black "Bjeloglav, Milica"]
[Result "1-0"]
[WhiteElo "2117"]
[BlackElo "2058"]
[PlyCount "103"]
[EventDate "2005.08.11"]
[EventType "tourn"]
[EventRounds "9"]
[EventCountry "YUG"]
[SourceTitle "EXT 2023"]
[Source "ChessBase"]
[SourceDate "2022.10.05"]
[SourceVersion "1"]
[SourceVersionDate "2022.10.05"]
[SourceQuality "1"]

1. e4 c5 2. Nf3 Nc6 3. d4 cxd4 4. Nxd4 Nf6 5. Nc3 e5 6. Ndb5 d6 7. a4 a6 8. Na3 Be6 9. Bc4 Be7 10. Bg5 0-0 11. Bxf6 Bxf6 12. Nd5 Bg5 13. c3 Rc8 14. 0-0 g6 15. Qd3 Kh8 16. b4 f5 17. a5 fxe4 18. Qxe4 Bf5 19. Qe2 Qe8 20. Nb6 Rd8 21. Bd5 Bf6 22. Rac1 h5 23. Nac4 Qe7 24. Ne3 Bd7 25. Be4 Be8 26. Rcd1 Bg5 27. Ned5 Qf7 28. Rd3 Rg8 29. Rfd1 Ne7 30. Nc7 Nf5 31. Nxe8 Rgxe8 32. Qf3 Rf8 33. Bxb7 Qe7 34. Qc6 Bf4 35. Nd5 Qg5 36. Nxf4 exf4 37. Qd5 Qg4 38. Qf3 Qg5 39. Be4 Nh4 40. Qh3 Rfe8 41. Rd5 Qe7 42. Bd3 Qf6 43. Bxa6 f3 44. g3 Nf5 45. Bd3 Qxc3 46. Bxf5 Re1+ 47. Rxe1 Qxe1+ 48. Qf1 Qxf1+ 49. Kxf1 gxf5 50. a6 Ra8 51. Ra5 Kg7 52. b5 1-0

[Event "SRB-ch U20 Girls"]
[Site "Vrnjacka Banja"]
[Date "2005.08.18"]
[Round "8"]
[White "Bjeloglav, Milica"]
[Black "Rapport, Jovana"]
[Result "1/2-1/2"]
[WhiteElo "2058"]
[BlackElo "1952"]
[PlyCount "94"]
[EventDate "2005.08.11"]
[EventType "tourn"]
[EventRounds "9"]
[EventCountry "YUG"]
[SourceTitle "EXT 2023"]
[Source "ChessBase"]
[SourceDate "2022.10.05"]
[SourceVersion "1"]
[SourceVersionDate "2022.10.05"]
[SourceQuality "1"]

1. e4 e6 2. d4 d5 3. Nd2 dxe4 4. Nxe4 Nd7 5. Nf3 Ngf6 6. Nxf6+ Nxf6 7. c3 Be7 8. Bd3 0-0 9. 0-0 b6 10. Qe2 Bb7 11. h3 c5 12. dxc5 Bxc5 13. Bg5 Be7 14. Rad1 Qc7 15. Nd4 Qc5 16. f4 a6 17. Rde1 Nd7 18. Bxe7 Qxe7 19. Bb1 Rfe8 20. Nf3 Qc5+ 21. Kh1 Nf6 22. Ne5 a5 23. Qc2 g6 24. Ng4 Qe7 25. Nxf6+ Qxf6 26. Qf2 Ba6 27. Rg1 e5 28. f5 Rad8 29. Be4 Rd6 30. g4 g5 31. Rd1 Red8 32. Qf3 Qe7 33. Rd5 f6 34. Rgd1 Bc4 35. Rxd6 Rxd6 36. b3 Ba6 37. Bd5+ Kg7 38. c4 Qd8 39. Kg2 a4 40. h4 gxh4 41. Rh1 axb3 42. axb3 Bb7 43. Bxb7 Rd2+ 44. Kf1 Rd1+ 45. Kg2 Rd2+ 46. Kf1 Rd1+ 47. Kg2 Rd2+ 1/2-1/2